| 000 | 00532pam a2200169 i 4500 | ||
|---|---|---|---|
| 020 | _a0313221758 (lib. bdg.) | ||
| 082 | 0 | 0 |
_a940.40942 _bHAR _cD |
| 100 | 2 | _aLiddell Hart, Basil Henry, | |
| 245 | 1 | 4 |
_aThe defence of Britain / _cby Liddell Hart. |
| 260 |
_aWestport, Conn. : _bGreenwood Press, _c1980. |
||
| 300 |
_a444 p. ; _c23 cm. |
||
| 500 | _aIncludes index. | ||
| 500 | _aReprint of the 1939 ed. published by Faber and Faber, London. | ||
| 526 |
_a0 _b0 _c0 _d940_409420000000000_HAR |
||
| 650 |
_aMCE _9379 |
||
| 942 |
_2ddc _cBK |
||
| 999 |
_c552336 _d552336 |
||